| 000 | 00511nam a22001697a 4500 | ||
|---|---|---|---|
| 005 | 20251108165157.0 | ||
| 008 | 250721s1994 xx 000 0 ara d | ||
| 082 | 1 | 4 | _a368/سيد |
| 100 | 1 | _aعبده، السيد عبد المطلب | |
| 245 | 1 | 0 | _aالتأمين الأسس العلمية والقواعد العملية / |
| 250 | _aط5 | ||
| 264 | 1 |
_aالقاهرة : _bدار النهضة العربية، _c1994. |
|
| 300 | _a592ص | ||
| 650 | 1 | 7 | _aالتأمين |
| 942 |
_2ddc _cBK |
||
| 999 |
_c21351 _d21351 |
||